01107nam a2200289Ia 4500001001200000003000800012006001900020007001500039008004100054020001500095040002100110035002000131050002500151100002400176245007500200260004800275300001000323490003700333533015200370650004600522650002300568655002900591710001700620830003700637856012600674999001700800ebr10058601CaPaEBRm u cr cn|||||||||040420m20049999enk s 000 0 eng d z0861769244 aCaPaEBRcCaPaEBR a(OCoLC)7073102814aZ711.45b.C56 2004eb1 aChowdhury, Gobinda.10aDigital reference serviceh[electronic resource] /cGobinda Chowdhury. aBradford, England :bEmerald Group,cc2004. a71 p.1 aLibrary Review. No. 1 ;vVol. 53 aElectronic reproduction.bPalo Alto, Calif. :cebrary,d2009.nAvailable via World Wide Web.nAccess may be limited to ebrary affiliated libraries. 0aElectronic reference services (Libraries) 0aDigital libraries. 7aElectronic books.2local2 aebrary, Inc. 0aLibrary Review.nNo. 1 ;vv. 53.40uhttp://site.ebrary.com/lib/rucke/Doc?id=10058601zAn electronic book accessible through the World Wide Web; click to view c70739d70739